Central Library OPAC University of Rajshahi

The Indian hill-station: Kodaikanal / (Record no. 23993)

MARC details
000 -LEADER
fixed length control field 01026cam a2200301 4500
001 - CONTROL NUMBER
control field 23993
003 - CONTROL NUMBER IDENTIFIER
rucl marc code BD-RjUL
005 - DATE AND TIME OF LATEST TRANSACTION
control field 20211209001009.0
008 - FIXED-LENGTH DATA ELEMENTS--GENERAL INFORMATION
fixed length control field 140312s1972 ilua bs 000 0 eng d
035 ## - SYSTEM CONTROL NUMBER
System control number (BD-RjUL)
040 ## - CATALOGING SOURCE
Original cataloging agency DLC
Transcribing agency DLC
Modifying agency DLC
-- BD-RjUL
Language of cataloging eng
041 ## - LANGUAGE CODE
Language code of text/sound track or separate title eng
082 00 - DEWEY DECIMAL CLASSIFICATION NUMBER
Classification number 910
Author mark and year MII 1972
100 1# - MAIN ENTRY--PERSONAL NAME
Personal name Mitchell, Nora,
Dates associated with a name 1922-
9 (RLIN) 73878
245 14 - TITLE STATEMENT
Title The Indian hill-station: Kodaikanal /
Statement of responsibility, etc. by Nora, Mitchell
260 ## - PUBLICATION, DISTRIBUTION, ETC. (IMPRINT)
Place of publication, distribution, etc. Chicago :
Name of publisher, distributor, etc. University of Chicago, Dept. of Geography,
Date of publication, distribution, etc. 1972.
300 ## - PHYSICAL DESCRIPTION
Pagination xii, 199 p. :
Illustrations illus. ;
Size 23 cm.
350 ## - PRICE (NR) (BK AM CF MU VM SE) [OBSOLETE]
Price $5.00
490 1# - SERIES STATEMENT
Series statement [Chicago. University. Dept. of Geography] Research paper
Volume/sequential designation no. 141
504 ## - BIBLIOGRAPHY, ETC. NOTE
Bibliography, etc Bibliography: p. 191-199.
650 #0 - SUBJECT ADDED ENTRY--TOPICAL TERM
Topical term or geographic name as entry element Social surveys
Geographic subdivision India
-- Kodaikanal.
9 (RLIN) 73879
651 #0 - SUBJECT ADDED ENTRY--GEOGRAPHIC NAME
Geographic name Kodaikanal (India)
General subdivision Social conditions.
9 (RLIN) 73880
830 #0 - SERIES ADDED ENTRY--UNIFORM TITLE
Volume number/sequential designation no. 141.
Uniform title Research paper (University of Chicago. Department of Geography) ;
942 ## - ADDED ENTRY ELEMENTS (KOHA)
Source of classification or shelving scheme Dewey Decimal Classification
Koha item type Books
Holdings
Lost status Source of classification or shelving scheme Damaged status Not for loan Collection code Permanent Location Current Location Shelving location Date acquired Total Checkouts Full call number Date last seen Copy number Koha item type
  Dewey Decimal Classification   Added to bundle Non-fiction Central Library, University of Rajshahi Central Library, University of Rajshahi Reading Room 21/08/1981   910 MII 1972 12/03/2014 C-1 Books